000 01732cam a2200421 a 4500
999 _c706
_d706
001 14674446
003 GZU
005 20200911085551.0
008 061218s2007 enkb b 001 0 eng
010 _a 2006101721
015 _aGBA736785
_2bnb
016 7 _a013745947
_2Uk
020 _a9780521864381 (hardback)
020 _a0521864380 (hardback)
020 _a9780521682978 (pbk.)
020 _a0521682975 (pbk.)
035 _a(OCoLC)ocm77334012
035 _a(OCoLC)77334012
_z(OCoLC)132298396
_z(OCoLC)169870675
040 _aDLC
_cDLC
_dBAKER
_dBTCTA
_dC#P
_dYDXCP
_dUKM
_dDLC
043 _af------
050 0 0 _aDT20
_b.I45 2007
100 1 _aIliffe, John.
245 1 0 _aAfricans :
_bthe history of a continent /
_cJohn Iliffe.
250 _a2nd ed., New ed.
260 _aCambridge ;
_aNew York :
_bCambridge University Press,
_c2007.
300 _axiii, 365 p. :
_bmaps ;
_c24 cm.
490 1 _aAfrican studies ;
_v108
504 _aIncludes bibliographical references (p. 317-343) and index.
651 0 _aAfrica
_xHistory.
830 0 _aAfrican studies series ;
_v108.
856 4 2 _3Publisher description
_uhttp://www.loc.gov/catdir/enhancements/fy0615/2006101721-d.html
856 4 1 _3Table of contents only
_uhttp://www.loc.gov/catdir/enhancements/fy0615/2006101721-t.html
856 4 2 _3Contributor biographical information
_uhttp://www.loc.gov/catdir/enhancements/fy0729/2006101721-b.html
856 4 2 _3Book review (H-Net)
_uhttp://www.h-net.org/reviews/showrev.php?id=23067
906 _a7
_bcbc
_corignew
_d1
_eecip
_f20
_gy-gencatlg
942 _2lcc
_cBK
_h20.145
_iILI
_kDT